000 00555nam a2200193Ia 4500
005 20250507130209.0
008 008 250505s9999 xx 000 0 eng d
037 _aSeries Article
040 _aEASL
_beng
_cEASL
041 _aeng
_2eng
084 _qEASL
100 _aSimon Shen
_9668754
245 0 _aOnline Chinese perceptions of latin America :How they differ from the offical view
260 _aUK
_bUK Cambridge Univesity Press UK
_c2012
300 _a157-177
650 _aChina
942 _cSRA
999 _c1318260
_d1318260